[Event "ARG-ch sf 94th"]
[Site "Buenos Aires"]
[Date "2019.04.04"]
[Round "6"]
[White "Curia, Santiago Jose"]
[Black "Grossi, David"]
[Result "0-1"]
[WhiteElo "1989"]
[BlackElo "1908"]
[PlyCount "126"]
[EventDate "2019.03.30"]
[EventType "swiss"]
[EventRounds "9"]
[EventCountry "ARG"]
[SourceTitle "CBM 189 Extra"]
[Source "ChessBase"]
[SourceDate "2019.06.03"]
[SourceVersion "1"]
[SourceVersionDate "2019.06.03"]
[SourceQuality "1"]

1. e4 e5 2. Nf3 Nc6 3. Bb5 a6 4. Bxc6 dxc6 5. 0-0 Bg4 6. h3 h5 7. c3 Qf6 8. d4 Bxf3 9. Qxf3 Qxf3 10. gxf3 exd4 11. cxd4 0-0-0 12. Be3 g6 13. Nc3 Bg7 14. Rfd1 Ne7 15. Ne2 Rd7 16. Rac1 Bf6 17. Kf1 Rhd8 18. Ke1 Kb8 19. a4 Nc8 20. b3 Ne7 21. Rc4 b6 22. Rdc1 Rf8 23. a5 Kb7 24. Rd1 Nc8 25. Nf4 Nd6 26. Rc2 Nb5 27. d5 c5 28. axb6 cxb6 29. Ne2 Re8 30. Kf1 a5 31. Rc4 Na3 32. Ra4 Nc2 33. Ra2 Nb4 34. Rad2 Kc7 35. Rc1 Kd6 36. Nc3 Bxc3 37. Rxc3 Ra7 38. Bf4+ Kd7 39. e5 Kc8 40. Re3 Rd7 41. d6 Ra7 42. Bg5 Kd7 43. Be7 Nc6 44. Bf6 Nd4 45. Ra2 Rea8 46. Rb2 Kc6 47. Rd3 b5 48. Rc3 a4 49. bxa4 bxa4 50. Ra3 Ra5 51. d7 Kxd7 52. Rb7+ Kc6 53. Rxf7 R5a7 54. Re7 Rxe7 55. Bxe7 Kd5 56. Ra2 Kc4 57. Ra3 Nc2 58. Bxc5 Nxa3 59. Bxa3 Kd5 60. f4 Rb8 61. Be7 Rb3 62. Kg2 a3 63. Bf6 Ke6 0-1

[Event "ARG-ch sf 94th"]
[Site "Buenos Aires"]
[Date "2019.04.02"]
[Round "4"]
[White "Dubrovich, Igor"]
[Black "Grossi, David"]
[Result "1-0"]
[WhiteElo "2015"]
[BlackElo "1908"]
[PlyCount "108"]
[EventDate "2019.03.30"]
[EventType "swiss"]
[EventRounds "9"]
[EventCountry "ARG"]
[SourceTitle "CBM 189 Extra"]
[Source "ChessBase"]
[SourceDate "2019.06.03"]
[SourceVersion "1"]
[SourceVersionDate "2019.06.03"]
[SourceQuality "1"]

1. e4 e5 2. Nf3 Nc6 3. Bc4 Bc5 4. c3 Nf6 5. d4 exd4 6. cxd4 Bb4+ 7. Nc3 Nxe4 8. 0-0 Bxc3 9. d5 Bf6 10. Re1 Ne7 11. Rxe4 d6 12. Bg5 Bxg5 13. Nxg5 h6 14. Qe2 hxg5 15. Re1 Be6 16. dxe6 f6 17. Re3 c6 18. Rh3 Rxh3 19. gxh3 g6 20. Qf3 Qa5 21. Qxf6 Qxe1+ 22. Bf1 Qe5 23. Qf7+ Kd8 24. Qf8+ Kc7 25. Qxe7+ Kb6 26. b4 Qf4 27. a4 a6 28. a5+ Ka7 29. Qc7 Rf8 30. Qb6+ Ka8 31. Bxa6 bxa6 32. e7 Qc1+ 33. Kg2 Re8 34. Qd8+ Rxd8 35. exd8Q+ Kb7 36. Qb6+ Kc8 37. Qxa6+ Kc7 38. Qb6+ Kd7 39. a6 Qc4 40. a7 Qd5+ 41. f3 Qa2+ 42. Kg3 Qa1 43. Qe3 Kc7 44. Kg4 Kb7 45. Kxg5 Qb1 46. Qe7+ Ka8 47. Qd8+ Kxa7 48. Qc7+ Ka6 49. Qxc6+ Ka7 50. Qxd6 Qf5+ 51. Kh6 Qh5+ 52. Kg7 g5 53. b5 Qe8 54. Qc7+ Ka8 1-0

[Event "ARG-ch sf 93rd"]
[Site "Buenos Aires"]
[Date "2018.05.22"]
[Round "4"]
[White "Cheb Terrab, Alejandro"]
[Black "Grossi, David"]
[Result "1-0"]
[WhiteElo "2027"]
[BlackElo "1847"]
[PlyCount "131"]
[EventDate "2018.05.19"]
[EventType "swiss"]
[EventRounds "9"]
[EventCountry "ARG"]
[SourceTitle "CBM 184 Extra"]
[Source "ChessBase"]
[SourceDate "2018.06.28"]
[SourceVersion "1"]
[SourceVersionDate "2018.06.28"]
[SourceQuality "1"]

1. e4 e5 2. Nc3 Nc6 3. Bc4 Nf6 4. d3 Bc5 5. f4 d6 6. Nf3 a6 7. Qe2 Bg4 8. Be3 exf4 9. Bxc5 dxc5 10. 0-0-0 0-0 11. h3 Nd4 12. Qf2 Bxf3 13. gxf3 Nh5 14. Rhe1 b5 15. Bd5 c6 16. Bxc6 Rc8 17. Bd5 Ng3 18. Bb7 Rb8 19. Bd5 Qh4 20. Nb1 Qh5 21. Nd2 b4 22. Bc4 a5 23. c3 bxc3 24. bxc3 Nb5 25. Nb1 Qe5 26. Qd2 Rfd8 27. a4 Nd6 28. Bd5 h6 29. Na3 Qe8 30. Qc2 Rb6 31. Nc4 Nxc4 32. Bxc4 Qd7 33. h4 Rd6 34. Bb5 Qh3 35. Qf2 Qc8 36. Qd2 Nh5 37. Rg1 Qe6 38. Bc4 Qf6 39. Kc2 Qe5 40. Rb1 R6d7 41. Rb5 Qc7 42. Qf2 Ng3 43. Rxc5 Qb6 44. Rb1 Qa7 45. d4 Rb7 46. Rxb7 Qxb7 47. Rb5 Qc7 48. Bd5 Kh8 49. Kd3 Qd6 50. Qb2 Nf1 51. Rb6 Qe7 52. Qf2 Ne3 53. Rb7 Qa3 54. Rxf7 Qxa4 55. Rxf4 Nd1 56. Qd2 Qb5+ 57. Kc2 Nxc3 58. Qxc3 Qe2+ 59. Kc1 Qf1+ 60. Kd2 Qf2+ 61. Kd3 Rb8 62. Qd2 Qf1+ 63. Ke3 Rb1 64. Rf8+ Kh7 65. Kf4 Qh3 66. Bg8+ 1-0

[Event "ARG-ch sf 93rd"]
[Site "Buenos Aires"]
[Date "2018.05.21"]
[Round "3"]
[White "Grossi, David"]
[Black "Yalet, Nestor Antonio"]
[Result "1-0"]
[WhiteElo "1847"]
[BlackElo "1635"]
[PlyCount "79"]
[EventDate "2018.05.19"]
[EventType "swiss"]
[EventRounds "9"]
[EventCountry "ARG"]
[SourceTitle "CBM 184 Extra"]
[Source "ChessBase"]
[SourceDate "2018.06.28"]
[SourceVersion "1"]
[SourceVersionDate "2018.06.28"]
[SourceQuality "1"]

1. d4 d5 2. Nf3 Nf6 3. c4 e6 4. Bg5 Nbd7 5. e3 Be7 6. Nc3 h6 7. Bf4 c6 8. Bd3 0-0 9. 0-0 dxc4 10. Bxc4 Nd5 11. Bg3 Nxc3 12. bxc3 Nf6 13. Qd3 b6 14. Ne5 Bb7 15. f4 c5 16. f5 Be4 17. Qd1 exf5 18. Qb3 Bd5 19. Bxd5 Qxd5 20. c4 Qb7 21. Rxf5 Ne4 22. Rd1 Nxg3 23. hxg3 cxd4 24. exd4 Bd6 25. d5 Bxe5 26. Rxe5 Rfe8 27. Qe3 Qd7 28. Re1 Kf8 29. Qa3+ Kg8 30. Rxe8+ Rxe8 31. Rxe8+ Qxe8 32. Qxa7 Qe3+ 33. Kh2 h5 34. Qb8+ Kh7 35. Qf4 Qe7 36. d6 Qd7 37. Qe5 Qg4 38. Qf4 Qd7 39. Qe5 Kh6 40. Qe7 1-0

[Event "Mar del Plata"]
[Site "Mar del Plata"]
[Date "2017.11.06"]
[Round "10"]
[White "Bacino, Gustavo"]
[Black "Grossi, David"]
[Result "1-0"]
[WhiteElo "1860"]
[BlackElo "1974"]
[PlyCount "67"]
[EventDate "2017.10.16"]
[EventType "tourn"]
[EventRounds "11"]
[EventCountry "ARG"]
[SourceTitle "CBM 181 Extra"]
[Source "ChessBase"]
[SourceDate "2017.12.12"]
[SourceVersion "1"]
[SourceVersionDate "2017.12.12"]
[SourceQuality "1"]

1. d4 d5 2. Nf3 Nf6 3. e3 Bg4 4. c4 c6 5. Nc3 e6 6. h3 Bxf3 7. gxf3 dxc4 8. Bxc4 c5 9. d5 exd5 10. Nxd5 Nc6 11. a3 a6 12. Nf4 Qxd1+ 13. Kxd1 0-0-0+ 14. Ke2 Ne5 15. Bb3 g5 16. Ng2 Bg7 17. Bd2 Rhe8 18. Ba5 Rd6 19. Rhd1 Rc6 20. Bc3 c4 21. Bc2 h6 22. Rd2 Kc7 23. Rad1 Re7 24. e4 Ng6 25. Ne3 Nf4+ 26. Kf1 Bf8 27. Bb4 Re8 28. Bxf8 Rxf8 29. e5 N6h5 30. Be4 Re6 31. Nxc4 f5 32. Rd7+ Kb8 33. Bxb7 Ng6 34. Bd5 1-0

[Event "Mar del Plata"]
[Site "Mar del Plata"]
[Date "2017.11.01"]
[Round "8"]
[White "Cristobal, Manuel"]
[Black "Grossi, David"]
[Result "1-0"]
[WhiteElo "2253"]
[BlackElo "1974"]
[PlyCount "143"]
[EventDate "2017.10.16"]
[EventType "tourn"]
[EventRounds "11"]
[EventCountry "ARG"]
[SourceTitle "CBM 181 Extra"]
[Source "ChessBase"]
[SourceDate "2017.12.12"]
[SourceVersion "1"]
[SourceVersionDate "2017.12.12"]
[SourceQuality "1"]

1. d4 d5 2. e4 dxe4 3. Nc3 Nf6 4. Bg5 Bf5 5. Qe2 e6 6. Qb5+ Nbd7 7. Qxb7 Rb8 8. Qxa7 Rxb2 9. Nb5 Rxc2 10. Kd1 Rc6 11. Qb7 Bg4+ 12. f3 exf3 13. gxf3 Rc5 14. Bd2 Rxb5 15. Bxb5 Bh5 16. a4 Be7 17. a5 0-0 18. a6 Nb6 19. a7 Qxd4 20. Ra2 Ne4 21. Qxc7 Nf2+ 22. Ke2 Nxh1 23. Be3 Qxe3+ 24. Kxe3 Nd5+ 25. Ke2 Nxc7 26. Bc6 Na8 27. Nh3 Bc5 28. Ra5 Bb6 29. Rxh5 Nc7 30. f4 f6 31. Bxh1 g6 32. a8Q Nxa8 33. Rb5 Bc7 34. Rb7 Rc8 35. Bc6 Nb6 36. Nf2 Bd8 37. Be8 Bc7 38. Ne4 Nd5 39. Bd7 Rb8 40. Bxe6+ Kf8 41. Rxb8+ Bxb8 42. Bxd5 Bxf4 43. h3 Ke7 44. Kf3 g5 45. Kg4 Bc1 46. Kf5 Bb2 47. Ng3 Bc3 48. Nh5 Bb2 49. Bg8 h6 50. Kg6 Bc3 51. Kxh6 Kd6 52. Kg6 Ke7 53. Bb3 Be5 54. Kf5 Bb2 55. Ng3 Be5 56. Ne4 Ba1 57. Be6 Be5 58. Nf2 Bd4 59. Nd3 Bc3 60. Bc4 Bd4 61. Nb4 Be5 62. Nd5+ Kf7 63. Bb3 Kg7 64. Nb6 Kf8 65. Bc4 Bb2 66. Nd5 Be5 67. Nxf6 Bf4 68. Nh7+ Ke7 69. Nxg5 Bc1 70. h4 Bb2 71. h5 Bc3 72. Ne6 1-0

[Event "Mar del Plata"]
[Site "Mar del Plata"]
[Date "2017.10.16"]
[Round "1"]
[White "Fidel, Roberto Oscar"]
[Black "Grossi, David"]
[Result "1-0"]
[WhiteElo "2134"]
[BlackElo "1974"]
[PlyCount "39"]
[EventDate "2017.10.16"]
[EventType "tourn"]
[EventRounds "11"]
[EventCountry "ARG"]
[SourceTitle "CBM 181 Extra"]
[Source "ChessBase"]
[SourceDate "2017.12.12"]
[SourceVersion "1"]
[SourceVersionDate "2017.12.12"]
[SourceQuality "1"]

1. d4 d5 2. Nf3 Nf6 3. c4 c6 4. Nbd2 Bf5 5. Nh4 Bg4 6. h3 Bc8 7. Nhf3 e6 8. g3 Bd6 9. Bg2 Nbd7 10. 0-0 g5 11. e4 dxe4 12. Nxg5 e3 13. Nde4 Nxe4 14. Nxe4 exf2+ 15. Rxf2 Be7 16. Qh5 Rf8 17. Bh6 Nf6 18. Nxf6+ Bxf6 19. Bxf8 Kxf8 20. Raf1 1-0